People on US Bank Notes - Hard - Statistics

General Stats
  • This quiz has been taken 31 times
    23 since last reset
  • The average score is 12 of 18
Answer Stats
Picture Answer % Correct
Abraham Lincoln
100%
Alexander Hamilton
100%
George Washington
100%
George Washington
100%
Thomas Jefferson
100%
Andrew Jackson
94%
Benjamin Franklin
94%
Ulysses S. Grant
94%
William McKinley
88%
Woodrow Wilson
88%
Grover Cleveland
82%
James Madison
82%
Salmon P. Chase
35%
Columbia
29%
William M. Meredith
18%
Robert Walker
6%
Spencer Clark
6%
William Crawford
6%
No matching quizzes found
Score Distribution
Percent of People with Each Score
Percentile by Number Answered
Your Score History
You have not taken this quiz since the last reset